000 00759cam a22002413a 4500
001 26893
003 PGUSA
005 20140828083559.0
008 081012s2008||||xxu|||||s|||||000 | eng d
040 _aPGUSA
_beng
042 _adc
050 4 _aBF
100 1 _aBuck, J. D.
_q(Jirah Dewey),
_d1838-1916
245 1 4 _aThe New Avatar and The Destiny of the Soul :
_bThe Findings of Natural Science Reduced to Practical Studies in Psychology
_h[electronic resource] /
_cJ. D. Buck
260 _bProject Gutenberg,
_c2008
506 _aPublic domain in the USA.
516 _aElectronic text
653 _aSoul
653 _aPsychology and religion
830 0 _aProject Gutenberg
_v26893
856 4 0 _uhttp://www.gutenberg.org/ebooks/26893
942 _cEB
999 _c256148
_d256148